[Event "Philadelphia Open 2015"]
[Site "Philadelphia"]
[Date "2015.04.02"]
[Round "2.8"]
[White "Liang, Awonder"]
[Black "Kannappan, Priyadharshan"]
[Result "1-0"]
[WhiteElo "2293"]
[BlackElo "2456"]
[PlyCount "113"]
[EventDate "2015.04.??"]
[EventType "swiss"]
[EventRounds "9"]
[EventCountry "USA"]

1. e4 e5 2. Nf3 Nc6 3. Bb5 g6 4. d4 exd4 5. Bg5 Be7 6. Bxe7 Qxe7 7. Bxc6 dxc6
8. Qxd4 Nf6 9. Nc3 Bg4 10. Nd2 c5 11. Qe3 O-O-O 12. f3 Bd7 13. O-O-O Bc6 14.
Nc4 b6 15. Qg5 Qe6 16. Qe5 Nd7 17. Qxe6 fxe6 18. Rd2 Rdf8 19. Nd1 Bb5 20. Nce3
Ne5 21. Nf2 h5 22. h4 Rf4 23. b3 c4 24. bxc4 Nxc4 25. Nxc4 Bxc4 26. Rd4 b5 27.
Nd3 Bxd3 28. Rxd3 Rd8 29. Rc3 Kb7 30. Rc5 Kb6 31. Rg5 Rg8 32. Kd2 c6 33. Ke3
Rf7 34. Rd1 Kc7 35. Rd3 Re7 36. f4 Rf7 37. g3 Rfg7 38. Kd4 Kd6 39. Kc3+ Kc7 40.
Kb4 Rb8 41. a3 a5+ 42. Kc5 Rb6 43. f5 exf5 44. exf5 Re7 45. fxg6 Rb8 46. Rd6
Re2 47. Rxc6+ Kd7 48. Rd5+ Ke7 49. Kd4 b4 50. axb4 axb4 51. Re5+ Rxe5 52. Kxe5
b3 53. cxb3 Rxb3 54. Rc7+ Kf8 55. Kf6 Rf3+ 56. Kg5 Rxg3+ 57. Kh6 1-0

[Event "Philadelphia Open 2015"]
[Site "Philadelphia"]
[Date "2015.04.02"]
[Round "2.9"]
[White "Gerzhoy, Leonid"]
[Black "Song, Edward"]
[Result "1/2-1/2"]
[WhiteElo "2430"]
[BlackElo "2302"]
[PlyCount "128"]
[EventDate "2015.04.??"]
[EventType "swiss"]
[EventRounds "9"]
[EventCountry "USA"]

1. d4 d5 2. Bg5 c6 3. e3 Qb6 4. b3 Bf5 5. Nf3 Nd7 6. Bd3 Bg6 7. O-O e6 8. c4
Ngf6 9. Nc3 Qa5 10. Bxg6 hxg6 11. Qd3 Bb4 12. Ne2 Bd6 13. c5 Bb8 14. b4 Qc7 15.
Bf4 Qc8 16. b5 Bxf4 17. exf4 b6 18. Rfc1 bxc5 19. dxc5 O-O 20. Ned4 cxb5 21. c6
Nb6 22. Nxb5 a6 23. Nbd4 Qc7 24. Ne5 g5 25. g3 gxf4 26. gxf4 Ne4 27. Rab1 Rfe8
28. f3 Nd6 29. Kh1 f6 30. Ng4 f5 31. Ne5 Nf7 32. Re1 Nxe5 33. Rxe5 Nc4 34. Rxe6
Qxf4 35. Rxe8+ Rxe8 36. Nxf5 Ne3 37. Nd4 Nc4 38. Rg1 Re3 39. Qd1 Nb2 40. Qc2
Nc4 41. c7 Qxc7 42. Nf5 Rxf3 43. Nxg7 Kh8 44. Ne6 Qf7 45. Ng5 Qf5 46. Qg2 Rc3
47. Rf1 Ne3 48. Rxf5 Rc1+ 49. Rf1 Rxf1+ 50. Qxf1 Nxf1 51. Kg2 Ne3+ 52. Kf3 Nd1
53. Ne6 Nc3 54. a3 a5 55. Nd4 Kg7 56. Ke3 Kf6 57. Kd3 Ne4 58. Nc6 a4 59. Kd4
Nd2 60. Kc5 Nb1 61. Kb4 Kg5 62. Kxa4 Kg4 63. Ne5+ Kh3 64. Kb4 Nxa3 1/2-1/2

[Event "Philadelphia Open 2015"]
[Site "Philadelphia"]
[Date "2015.04.02"]
[Round "2.10"]
[White "Corallo, Michael Patrick"]
[Black "Esserman, Marc"]
[Result "1-0"]
[WhiteElo "2290"]
[BlackElo "2427"]
[PlyCount "61"]
[EventDate "2015.04.??"]
[EventType "swiss"]
[EventRounds "9"]
[EventCountry "USA"]

1. e4 c5 2. Nf3 d6 3. d4 cxd4 4. Nxd4 Nf6 5. Nc3 a6 6. Bg5 Nbd7 7. Bc4 Qb6 8.
Bb3 e6 9. Qd2 Be7 10. O-O-O Nc5 11. Rhe1 h6 12. Bxf6 Bxf6 13. Kb1 O-O 14. f4
Qc7 15. g4 b5 16. g5 hxg5 17. fxg5 Be5 18. g6 fxg6 19. Qg2 Nxb3 20. axb3 Rf6
21. Nf3 Bf4 22. e5 dxe5 23. Ne4 Rf8 24. Nfg5 Qe7 25. Rg1 Rf5 26. Qg4 Kf8 27.
Qh4 Bxg5 28. Rxg5 Bb7 29. Nd6 Qf6 30. Nxf5 exf5 31. Rd7 1-0

[Event "Philadelphia Open 2015"]
[Site "Philadelphia"]
[Date "2015.04.02"]
[Round "2.11"]
[White "Li, Ruifeng"]
[Black "Pressman, Leif A"]
[Result "0-1"]
[WhiteElo "2426"]
[BlackElo "2290"]
[PlyCount "102"]
[EventDate "2015.04.??"]
[EventType "swiss"]
[EventRounds "9"]
[EventCountry "USA"]

1. e4 e5 2. Nf3 Nc6 3. Bb5 a6 4. Ba4 Nf6 5. O-O Nxe4 6. d4 exd4 7. Re1 d5 8.
Nxd4 Bd6 9. Nxc6 Bxh2+ 10. Kh1 Qh4 11. Rxe4+ dxe4 12. Qd8+ Qxd8 13. Nxd8+ Kxd8
14. Kxh2 Be6 15. c3 f5 16. Bf4 Kc8 17. Nd2 Rd8 18. f3 exf3 19. Nxf3 Bd5 20. Nd4
b5 21. Bc2 g6 22. a4 Kb7 23. b4 g5 24. Bd2 f4 25. Kg1 h5 26. Bd1 Rh8 27. Bf3
Bxf3 28. gxf3 Rad8 29. Be1 bxa4 30. Ne6 Rde8 31. Nc5+ Kc6 32. Bf2 g4 33. Nd3
Kb5 34. Nxf4 gxf3 35. Bd4 Rhf8 36. Nd5 Re2 37. Ne3 Re1+ 38. Rxe1 f2+ 39. Kf1
fxe1=Q+ 40. Kxe1 a3 41. Kd2 a2 42. Nc2 Rf1 43. Kd3 Rd1+ 44. Ke2 Rc1 45. Kd2 Rh1
46. Kd3 Rh3+ 47. Kd2 Kc4 48. Kc1 Rh1+ 49. Kb2 Rh2 50. b5 Rxc2+ 51. Ka1 axb5 0-1

[Event "Philadelphia Open 2015"]
[Site "Philadelphia"]
[Date "2015.04.02"]
[Round "2.13"]
[White "Yanayt, Eugene"]
[Black "Bora, Safal"]
[Result "0-1"]
[WhiteElo "2262"]
[BlackElo "2410"]
[PlyCount "80"]
[EventDate "2015.04.??"]
[EventType "swiss"]
[EventRounds "9"]
[EventCountry "USA"]

1. d4 Nf6 2. c4 g6 3. Nc3 d5 4. Nf3 Bg7 5. Qb3 dxc4 6. Qxc4 O-O 7. e4 Nc6 8.
Be2 Nd7 9. Be3 Nb6 10. Qc5 f5 11. O-O-O fxe4 12. Ne5 Qd6 13. Nxc6 bxc6 14. Nxe4
Qd5 15. Nc3 Qxc5 16. dxc5 Nd5 17. Nxd5 cxd5 18. Rxd5 Be6 19. Rd2 Bxa2 20. Ba6
Rab8 21. c6 Rb4 22. Bc5 Ra4 23. Bb5 Re4 24. g3 Bb3 25. Re2 Rf5 26. Ba3 Rxe2 27.
Bxe2 Rxf2 28. Re1 Bh6+ 29. Kb1 Bd2 30. Bd1 Bxe1 31. Bxb3+ Kg7 32. Bxe7 Rxh2 33.
Bd6 Ba5 34. Be5+ Kf8 35. Bc4 Rh5 36. Bf4 Rc5 37. Bh6+ Ke7 38. b3 Bc3 39. Bc1
Rxc6 40. Ba3+ Kf6 0-1

[Event "Philadelphia Open 2015"]
[Site "Philadelphia"]
[Date "2015.04.02"]
[Round "2.14"]
[White "Sarkar, Justin"]
[Black "Katz, Alexander"]
[Result "0-1"]
[WhiteElo "2393"]
[BlackElo "2265"]
[PlyCount "144"]
[EventDate "2015.04.??"]
[EventType "swiss"]
[EventRounds "9"]
[EventCountry "USA"]

1. d4 Nf6 2. c4 e6 3. Nf3 Bb4+ 4. Bd2 Qe7 5. g3 Nc6 6. Nc3 Bxc3 7. Bxc3 Ne4 8.
Rc1 Nxc3 9. Rxc3 d6 10. Bg2 O-O 11. d5 Nb8 12. dxe6 fxe6 13. O-O Nd7 14. Nd4 c6
15. e4 Rd8 16. Qe2 e5 17. Nf5 Qf6 18. Rd1 Nc5 19. Rf3 Bxf5 20. exf5 e4 21. Rc3
Qxf5 22. b4 Qf6 23. Re3 Nd3 24. Bxe4 Nxb4 25. Rb1 a5 26. a3 d5 27. axb4 dxe4
28. bxa5 Rxa5 29. Rxb7 Qa1+ 30. Kg2 Ra2 31. Qe1 Rd1 32. Qc3 Qxc3 33. Rxc3 Rdd2
34. Kh3 Rxf2 35. Kg4 Rxh2 36. Re7 Rh6 37. Rxe4 Rg6+ 38. Kh3 Rh6+ 39. Kg4 Rg6+
40. Kh3 h6 41. Re7 Rd2 42. c5 Rd5 43. Rc7 Kh7 44. Rc8 Re5 45. Rd8 h5 46. Kh4
Re1 47. Kh3 h4 48. Rd6 hxg3 49. Rxg6 Kxg6 50. Rd3 Kf5 51. Rd6 Re6 52. Rd3 Re5
53. Rc3 Ke4 54. Kxg3 Kd4 55. Ra3 Kxc5 56. Kf4 Re1 57. Rg3 Kd4 58. Kf5 c5 59.
Rg4+ Kc3 60. Rxg7 c4 61. Kf4 Kb2 62. Rb7+ Kc2 63. Kf3 c3 64. Kf2 Re5 65. Rb8
Kd2 66. Rd8+ Kc1 67. Rc8 c2 68. Rb8 Kd2 69. Rd8+ Kc3 70. Rc8+ Kb3 71. Rc7 Re4
72. Rxc2 Kxc2 0-1

[Event "Philadelphia Open 2015"]
[Site "Philadelphia"]
[Date "2015.04.02"]
[Round "2.27"]
[White "Gorman, Dov"]
[Black "Sena, Juan"]
[Result "1-0"]
[WhiteElo "2226"]
[BlackElo "2055"]
[PlyCount "80"]
[EventDate "2015.04.??"]
[EventType "swiss"]
[EventRounds "9"]
[EventCountry "USA"]

1. Nf3 d5 2. c4 c6 3. d4 Nf6 4. Qc2 dxc4 5. Nbd2 g6 6. Nxc4 Bg7 7. e4 O-O 8.
Be2 Bg4 9. Be3 Nbd7 10. O-O Qc7 11. Rfd1 Bxf3 12. Bxf3 e5 13. dxe5 Nxe5 14.
Nxe5 Qxe5 15. Qb3 Nxe4 16. Qxb7 Ng5 17. Bxc6 Rac8 18. Rac1 Ne6 19. b3 Nf4 20.
Rc4 Ne2+ 21. Kh1 Rcd8 22. Re1 Qa5 23. Rf1 Qxa2 24. Bxa7 Nd4 25. Ba4 Qe2 26.
Rcc1 Rc8 27. Qxc8 Rxc8 28. Rxc8+ Bf8 29. Rfc1 Ne6 30. Bd7 Qa6 31. Be3 Kg7 32.
Bxe6 Qxe6 33. Bd4+ f6 34. R1c7+ Kh6 35. Be3+ g5 36. h4 Qf5 37. hxg5+ Kh5 38.
gxf6 Bd6 39. Rc6 Qb1+ 40. Rc1 Qxb3 1-0

[Event "Philadelphia Open 2015"]
[Site "Philadelphia"]
[Date "2015.04.02"]
[Round "2.39"]
[White "Bykovtsev, Agata"]
[Black "Sinha, Sahil"]
[Result "0-1"]
[WhiteElo "2026"]
[BlackElo "2190"]
[PlyCount "84"]
[EventDate "2015.04.??"]
[EventType "swiss"]
[EventRounds "9"]
[EventCountry "USA"]

1. e4 c5 2. Nf3 g6 3. Nc3 Bg7 4. Bc4 Nc6 5. O-O d6 6. Re1 e6 7. Bb5 Nge7 8. d4
cxd4 9. Nxd4 a6 10. Bxc6+ bxc6 11. Bg5 Bb7 12. Qd2 O-O 13. Rad1 Qc7 14. Nb3
Rfd8 15. Qf4 e5 16. Qh4 Re8 17. Re3 a5 18. Red3 a4 19. Nc1 d5 20. Bxe7 Rxe7 21.
exd5 cxd5 22. Nxd5 Bxd5 23. Rxd5 e4 24. b3 Rae8 25. c4 e3 26. fxe3 Rxe3 27. Qf2
Bc3 28. g3 Be1 29. Qf4 Qa7 30. Qd4 Qc7 31. Rd3 R3e4 32. Qc5 Qxc5+ 33. Rxc5 Bb4
34. Rc7 Re1+ 35. Kf2 Rxc1 36. Rdd7 Rc2+ 37. Kf3 a3 38. Rb7 Bc5 39. b4 Re3+ 40.
Kg4 Rxc4+ 41. Kh3 Rxb4 42. Rbc7 Bb6 0-1

[Event "Philadelphia Open 2015"]
[Site "Philadelphia"]
[Date "2015.04.02"]
[Round "3.1"]
[White "Rosen, Eric"]
[Black "Dreev, Aleksey"]
[Result "1/2-1/2"]
[WhiteElo "2322"]
[BlackElo "2636"]
[PlyCount "65"]
[EventDate "2015.04.??"]
[EventType "swiss"]
[EventRounds "9"]
[EventCountry "USA"]
[WhiteClock "0:15:51"]
[BlackClock "0:19:03"]

1. c4 c6 2. e4 d5 3. exd5 cxd5 4. cxd5 Nf6 5. Nc3 Nxd5 6. Nf3 Nc6 7. Bb5 e6 8.
O-O Be7 9. d4 O-O 10. Re1 Qd6 11. Nxd5 Qxd5 12. Bd3 Rd8 13. Be4 Qh5 14. Be3 Bd7
15. Rc1 Be8 16. a3 Rac8 17. Qe2 a6 18. Red1 Qa5 19. Rc3 Bf6 20. Rc5 Qc7 21. d5
exd5 22. Bxd5 Rd7 23. Rdc1 Re7 24. b4 Rd8 25. Qa2 h6 26. h3 Bd7 27. Qc2 Rde8
28. Qd2 Rd8 29. Bf4 Qb6 30. Be3 Qc7 31. Bf4 Qb6 32. Be3 Qc7 33. Bf4 1/2-1/2

[Event "Philadelphia Open 2015"]
[Site "Philadelphia"]
[Date "2015.04.02"]
[Round "3.2"]
[White "Xiong, Jeffery"]
[Black "Sorkin, Igor"]
[Result "1-0"]
[WhiteElo "2482"]
[BlackElo "2325"]
[PlyCount "107"]
[EventDate "2015.04.??"]
[EventType "swiss"]
[EventRounds "9"]
[EventCountry "USA"]
[WhiteClock "0:18:07"]
[BlackClock "0:24:23"]

1. e4 c5 2. Nf3 d6 3. Bb5+ Nd7 4. c3 Ngf6 5. Qe2 a6 6. Ba4 b5 7. Bc2 e5 8. d4
Be7 9. O-O O-O 10. a4 Bb7 11. d5 Qc7 12. Bg5 Kh8 13. Rd1 Ng8 14. axb5 Bxg5 15.
Nxg5 h6 16. Nf3 axb5 17. Rxa8 Rxa8 18. Qxb5 Ne7 19. Qe2 Qb6 20. Bd3 f5 21. exf5
Nxd5 22. Nh4 Nf4 23. Ng6+ Nxg6 24. fxg6 e4 25. Bb5 Nf6 26. c4 d5 27. cxd5 Nxd5
28. Nc3 Nf4 29. Qe3 Rf8 30. Bf1 Qxg6 31. Rd7 Bc6 32. Rc7 Qd6 33. Ra7 Nd3 34.
Nd1 Rf5 35. Qg3 Qd4 36. Rc7 Nxf2 37. Nxf2 e3 38. Rc8+ Kh7 39. Rxc6 exf2+ 40.
Kh1 Kh8 41. Rc8+ Kh7 42. Rc6 Kh8 43. Qb8+ Kh7 44. Qe8 Rf6 45. Rxf6 Qxf6 46.
Qe4+ Kh8 47. Qf3 Qxb2 48. Qf8+ Kh7 49. Bd3+ g6 50. Qf7+ Kh8 51. Qe8+ Kg7 52.
Qxg6+ Kf8 53. Qxh6+ Ke7 54. Qh4+ 1-0

[Event "Philadelphia Open 2015"]
[Site "Philadelphia"]
[Date "2015.04.02"]
[Round "3.3"]
[White "Pressman, Leif A"]
[Black "Chandra, Akshat"]
[Result "0-1"]
[WhiteElo "2290"]
[BlackElo "2476"]
[PlyCount "128"]
[EventDate "2015.04.??"]
[EventType "swiss"]
[EventRounds "9"]
[EventCountry "USA"]
[WhiteClock "0:05:07"]
[BlackClock "0:01:30"]

1. e4 c5 2. Nf3 e6 3. c3 Nf6 4. e5 Nd5 5. d4 cxd4 6. cxd4 d6 7. Bc4 Be7 8. O-O
O-O 9. Qe2 b6 10. Bd2 Bb7 11. a3 Nd7 12. Nc3 Nxc3 13. Bxc3 Rc8 14. Bb5 dxe5 15.
dxe5 Nc5 16. Rfd1 Qc7 17. Qe3 a6 18. Be2 Nb3 19. Rab1 a5 20. Bb5 Bc6 21. Bxc6
Qxc6 22. Nd4 Qc4 23. Nxb3 Qxb3 24. Bd4 Qxe3 25. Bxe3 Bc5 26. Rd3 Bxe3 27. Rxe3
Rfd8 28. Kf1 h6 29. Rc3 g5 30. Ke2 Kg7 31. Rbc1 Rxc3 32. Rxc3 Rd5 33. Re3 h5
34. h3 h4 35. g3 hxg3 36. fxg3 Kg6 37. Kf3 Rb5 38. b3 Rd5 39. a4 Rd4 40. g4 f5
41. exf6 Kxf6 42. Kg3 Rd1 43. Kf3 e5 44. Ke2 Rh1 45. Kf2 Ke6 46. Kg2 Rb1 47.
Kf3 Rf1+ 48. Kg2 Rb1 49. Kf3 Rd1 50. Ke2 Rd4 51. Kf3 Kd5 52. Kg3 e4 53. Re1
Rd3+ 54. Kg2 Rxb3 55. Rf1 Rb2+ 56. Kg3 Rb3+ 57. Kg2 e3 58. Rf5+ Ke4 59. Rxg5
Rb1 60. Rg8 e2 61. Re8+ Kd3 62. Rd8+ Kc4 63. Rc8+ Kd5 64. Rd8+ Kc6 0-1

[Event "Philadelphia Open 2015"]
[Site "Philadelphia"]
[Date "2015.04.02"]
[Round "3.4"]
[White "Bora, Safal"]
[Black "Liang, Awonder"]
[Result "0-1"]
[WhiteElo "2410"]
[BlackElo "2293"]
[PlyCount "108"]
[EventDate "2015.04.??"]
[EventType "swiss"]
[EventRounds "9"]
[EventCountry "USA"]

1. Nf3 Nf6 2. g3 g6 3. Bg2 Bg7 4. c4 O-O 5. Nc3 d6 6. d4 Nbd7 7. O-O e5 8. e4
a5 9. h3 Re8 10. Be3 c6 11. Qc2 a4 12. b4 axb3 13. axb3 Rxa1 14. Rxa1 exd4 15.
Nxd4 Nc5 16. b4 Na6 17. Rb1 Nd7 18. b5 Nb4 19. Rxb4 c5 20. Nc6 bxc6 21. Rb3 Bb7
22. bxc6 Bxc6 23. Nb5 Nf6 24. f3 Qa5 25. Nxd6 Rd8 26. Nb5 Nh5 27. Kh2 Be5 28.
f4 Qe1 29. Bf2 Rd2 30. Bxe1 Rxc2 31. Kg1 Bxb5 32. cxb5 Bd4+ 33. Kf1 c4 34. Rb1
Bb6 35. e5 Ng7 36. Be4 Ra2 37. Rb4 Ne6 38. Rxc4 Ra1 39. Rb4 Rxe1+ 40. Kxe1 Ba5
41. Ke2 Bxb4 42. Kd3 Ba5 43. Kc4 Kf8 44. Kd5 Ke7 45. f5 Ng5 46. Bc2 Nxh3 47.
Kc6 Ng5 48. b6 Nf3 49. f6+ Kd8 50. e6 Nd4+ 51. Kd6 Nxe6 52. Bb3 Bxb6 53. Bxe6
Bc7+ 54. Kc6 fxe6 0-1

[Event "Philadelphia Open 2015"]
[Site "Philadelphia"]
[Date "2015.04.02"]
[Round "3.5"]
[White "Gurevich, Daniel"]
[Black "Corallo, Michael Patrick"]
[Result "0-1"]
[WhiteElo "2373"]
[BlackElo "2290"]
[PlyCount "76"]
[EventDate "2015.04.??"]
[EventType "swiss"]
[EventRounds "9"]
[EventCountry "USA"]

1. e4 e5 2. Nf3 Nc6 3. Bb5 Nf6 4. O-O Nxe4 5. Re1 Nd6 6. Nxe5 Be7 7. Bf1 Nxe5
8. Rxe5 O-O 9. d4 Bf6 10. Re1 Nf5 11. c3 d5 12. Nd2 Re8 13. Rxe8+ Qxe8 14. Nf3
Nh4 15. Nxh4 Bxh4 16. Bf4 c6 17. Bd3 Bf6 18. Qc2 g6 19. Qd2 Be6 20. Re1 Qd7 21.
Bg5 Bg7 22. h4 Re8 23. h5 Bg4 24. Rxe8+ Qxe8 25. h6 Bf8 26. f3 Bd7 27. Kf2 Qe6
28. Qf4 Bd6 29. Qh4 Bf8 30. g4 c5 31. Bd8 cxd4 32. cxd4 Bb4 33. Qg5 Qe1+ 34.
Kg2 Bd6 35. Qf6 Qd2+ 36. Kg1 Bf8 37. Bf1 Bxh6 38. Bc7 Bg5 0-1

[Event "Philadelphia Open 2015"]
[Site "Philadelphia"]
[Date "2015.04.02"]
[Round "3.6"]
[White "Katz, Alexander"]
[Black "Ghaem Maghami, Ehsan"]
[Result "0-1"]
[WhiteElo "2265"]
[BlackElo "2562"]
[PlyCount "124"]
[EventDate "2015.04.??"]
[EventType "swiss"]
[EventRounds "9"]
[EventCountry "USA"]

1. e4 c5 2. Nf3 e6 3. c3 Nf6 4. e5 Nd5 5. d4 cxd4 6. cxd4 d6 7. Bc4 Nb6 8. Bd3
dxe5 9. dxe5 Na6 10. O-O Nc5 11. Bb5+ Bd7 12. Qe2 Bxb5 13. Qxb5+ Qd7 14. Nc3
Qxb5 15. Nxb5 Nd5 16. Be3 a6 17. Rfc1 axb5 18. Bxc5 Bxc5 19. Rxc5 b4 20. Nd4
Kd7 21. Rb5 b6 22. Nc2 Ra5 23. Rxa5 bxa5 24. Rd1 Rc8 25. Nd4 Rc5 26. g3 a4 27.
Kg2 Kc7 28. Rd3 Kb6 29. h4 Rc1 30. a3 b3 31. Nxb3 axb3 32. Rxb3+ Kc6 33. Rb8
Rb1 34. a4 h5 35. a5 g6 36. a6 Ra1 37. Rf8 Rxa6 38. Rxf7 Rb6 39. Rg7 Rxb2 40.
Rxg6 Ne3+ 41. Kg1 Rb1+ 42. Kh2 Ng4+ 43. Kg2 Rb2 44. Rxe6+ Kd5 45. Re8 Rxf2+ 46.
Kg1 Re2 47. Rh8 Rxe5 48. Kg2 Ke4 49. Kh3 Rf5 50. Ra8 Ne3 51. Ra4+ Kf3 52. Ra3
Kf2 53. Kh2 Rc5 54. Ra4 Rc4 55. Ra8 Nf1+ 56. Kh3 Ne3 57. Kh2 Rc2 58. Rf8+ Ke1+
59. Kh1 Re2 60. Rf3 Ng4 61. Rf1+ Kd2 62. Rf5 Re1+ 0-1

[Event "Philadelphia Open 2015"]
[Site "Philadelphia"]
[Date "2015.04.02"]
[Round "3.7"]
[White "Quesada Perez, Yuniesky"]
[Black "Shen, Arthur"]
[Result "1-0"]
[WhiteElo "2629"]
[BlackElo "2316"]
[PlyCount "97"]
[EventDate "2015.04.??"]
[EventType "swiss"]
[EventRounds "9"]
[EventCountry "USA"]

1. e4 c5 2. Nf3 d6 3. d4 cxd4 4. Nxd4 Nf6 5. Nc3 a6 6. h3 e6 7. g4 Nfd7 8. Bg2
Be7 9. O-O O-O 10. Be3 Nc6 11. Nce2 Nde5 12. c3 Qc7 13. b3 b5 14. f4 Ng6 15.
Qd2 Bb7 16. g5 Nxd4 17. cxd4 f6 18. Rac1 Qd7 19. Kh2 fxg5 20. fxg5 Rxf1 21.
Rxf1 Rf8 22. Rxf8+ Bxf8 23. Qe1 Qc7 24. Qc3 Qf7 25. Qe1 Qc7 26. Qc1 Qf7 27. Kg3
d5 28. e5 Ne7 29. Kh2 Nf5 30. Bf2 Bb4 31. Nf4 Ba5 32. h4 Bd8 33. Bh3 g6 34. Qc5
Ng7 35. Bg3 Qd7 36. Qd6 Qxd6 37. exd6 Kf7 38. Nd3 a5 39. a3 Bb6 40. Be5 Nf5 41.
Bxf5 exf5 42. b4 axb4 43. axb4 Bc6 44. Kg3 Ba7 45. h5 Bb6 46. h6 Ba7 47. Kf3
Bb6 48. Bf6 Ke6 49. Ne5 1-0

[Event "Philadelphia Open 2015"]
[Site "Philadelphia"]
[Date "2015.04.02"]
[Round "3.8"]
[White "Avrukh, Boris"]
[Black "Krishnan, Varun"]
[Result "1-0"]
[WhiteElo "2610"]
[BlackElo "2268"]
[PlyCount "83"]
[EventDate "2015.04.??"]
[EventType "swiss"]
[EventRounds "9"]
[EventCountry "USA"]

1. d4 d5 2. c4 e6 3. Nf3 Nf6 4. g3 Be7 5. Bg2 O-O 6. O-O dxc4 7. Qc2 a6 8. a4
c5 9. dxc5 Bxc5 10. Ne5 Qc7 11. Nxc4 Nc6 12. Nc3 h6 13. a5 Nd4 14. Qd1 e5 15.
e3 Bg4 16. Nd5 Nxd5 17. Qxg4 Nf6 18. Qd1 Nc6 19. Bd2 Rad8 20. Qb3 Rfe8 21. Rfd1
e4 22. Be1 Nd5 23. Ra4 Kf8 24. Na3 Nf6 25. Rxd8 Qxd8 26. Nc4 Qe7 27. Bc3 Nd5
28. Nd2 Nxc3 29. bxc3 f5 30. Nxe4 fxe4 31. Rxe4 Qxe4 32. Bxe4 Rxe4 33. Qxb7 Re6
34. Qxa6 Kf7 35. Kg2 Kf6 36. Qc8 Kf7 37. h4 Ba7 38. Qd7+ Kf6 39. e4 Bc5 40. Qc7
g6 41. f4 Be7 42. a6 1-0

[Event "Philadelphia Open 2015"]
[Site "Philadelphia"]
[Date "2015.04.02"]
[Round "3.9"]
[White "Song, Edward"]
[Black "Chirila, Ioan Cristian"]
[Result "1/2-1/2"]
[WhiteElo "2302"]
[BlackElo "2537"]
[PlyCount "97"]
[EventDate "2015.04.??"]
[EventType "swiss"]
[EventRounds "9"]
[EventCountry "USA"]

1. e4 e5 2. Nf3 Nc6 3. Bb5 a6 4. Ba4 Nf6 5. d3 d6 6. c4 g6 7. Nc3 Bg7 8. h3 O-O
9. Bg5 h6 10. Bh4 g5 11. Bg3 Nh5 12. Bh2 Nf4 13. O-O f5 14. Bxc6 bxc6 15. Ne1
Rb8 16. Rb1 Be6 17. Nc2 fxe4 18. Nxe4 Qe7 19. Ng3 d5 20. Nh5 Nxh5 21. Qxh5 dxc4
22. Qe2 cxd3 23. Qxd3 Bxa2 24. Ra1 Rxb2 25. Qxa6 Qf7 26. Ne3 Rxf2 27. Qxc6 Be6
28. Qc5 e4 29. Bg3 Rxf1+ 30. Rxf1 Qe8 31. Rxf8+ Bxf8 32. Qxc7 Qb5 33. Kh2 Qc5
34. Qxc5 Bxc5 35. Bf2 Kf7 36. Kg1 h5 37. Nc2 Bd6 38. Bd4 Bg3 39. Bf2 Bd6 40.
Bd4 Bg3 41. Bf2 Bf4 42. Bd4 Bb3 43. Ne3 Ke6 44. Kf2 Ba4 45. Bb6 Bb5 46. g3 Be5
47. Bd8 Bf6 48. Bxf6 Kxf6 49. h4 1/2-1/2

[Event "Philadelphia Open 2015"]
[Site "Philadelphia"]
[Date "2015.04.02"]
[Round "3.10"]
[White "Zierk, Steven"]
[Black "Betaneli, Alexander"]
[Result "1-0"]
[WhiteElo "2485"]
[BlackElo "2254"]
[PlyCount "85"]
[EventDate "2015.04.??"]
[EventType "swiss"]
[EventRounds "9"]
[EventCountry "USA"]

1. e4 e5 2. Nf3 Nc6 3. Bb5 a6 4. Bxc6 dxc6 5. O-O f6 6. d4 exd4 7. Nxd4 c5 8.
Ne2 Qxd1 9. Rxd1 Bd7 10. Nbc3 O-O-O 11. Be3 Re8 12. Nf4 Bc6 13. Nfd5 Bd6 14.
Nb6+ cxb6 15. Rxd6 Ne7 16. a4 Rd8 17. Rxd8+ Rxd8 18. a5 bxa5 19. Bxc5 Ng6 20.
Be3 a4 21. f3 b5 22. Kf2 Nf8 23. b3 axb3 24. Rxa6 Bb7 25. Rb6 bxc2 26. Rxb5 Rd3
27. Rc5+ Kd7 28. Ne2 Ne6 29. Rxc2 h5 30. Nc3 h4 31. Na4 Ke7 32. Nb6 Kf7 33. Ra2
Rb3 34. Nc4 Ke7 35. h3 g5 36. Ra7 Kd7 37. Bb6 Kc8 38. Nd6+ Kd7 39. Rxb7+ Kc6
40. Bd8 Rxb7 41. Nxb7 Kxb7 42. Bxf6 Kc6 43. g3 1-0

[Event "Philadelphia Open 2015"]
[Site "Philadelphia"]
[Date "2015.04.02"]
[Round "3.11"]
[White "Tang, Andrew"]
[Black "Gerzhoy, Leonid"]
[Result "0-1"]
[WhiteElo "2326"]
[BlackElo "2430"]
[PlyCount "90"]
[EventDate "2015.04.??"]
[EventType "swiss"]
[EventRounds "9"]
[EventCountry "USA"]

1. d4 Nf6 2. c4 d6 3. Nc3 Nbd7 4. e4 e5 5. d5 Be7 6. Bd3 O-O 7. Nge2 c5 8. Ng3
Ne8 9. Nf5 Bg5 10. Bxg5 Qxg5 11. h4 Qd8 12. g4 g6 13. Nh6+ Kg7 14. Qd2 Ndf6 15.
f3 Ng8 16. Nxg8 Kxg8 17. O-O-O Bd7 18. Rdg1 a6 19. Ne2 b5 20. Ng3 bxc4 21. Bxc4
Bb5 22. Bb3 a5 23. a3 Rb8 24. Bd1 Ba6 25. Ba4 Bb5 26. Bc2 Bd7 27. g5 Qb6 28.
Bd1 c4 29. Ne2 Nc7 30. Nc3 Qd4 31. Qxd4 exd4 32. Ne2 d3 33. Nc3 Nb5 34. Rh2
Nxc3 35. bxc3 Rb7 36. Rgg2 Rfb8 37. Rb2 Kg7 38. f4 f6 39. Rxb7 Rxb7 40. Rb2
Rxb2 41. Kxb2 Bh3 42. Bf3 f5 43. exf5 gxf5 44. Kc1 Bg4 45. Bg2 Kg6 0-1

[Event "Philadelphia Open 2015"]
[Site "Philadelphia"]
[Date "2015.04.02"]
[Round "3.12"]
[White "Ippolito, Dean"]
[Black "Dehmelt, Karl"]
[Result "1/2-1/2"]
[WhiteElo "2414"]
[BlackElo "2246"]
[PlyCount "95"]
[EventDate "2015.04.??"]
[EventType "swiss"]
[EventRounds "9"]
[EventCountry "USA"]

1. d4 Nf6 2. c4 e6 3. Nc3 Bb4 4. Qc2 d6 5. Nf3 Nbd7 6. g3 O-O 7. Bg2 e5 8. O-O
Re8 9. Nd5 Nxd5 10. cxd5 exd4 11. a3 Bc5 12. b4 Bb6 13. Bb2 Ne5 14. Nxd4 Bd7
15. a4 a5 16. b5 Qc8 17. e3 Bh3 18. Qc3 Bxg2 19. Kxg2 Bc5 20. h3 Bb4 21. Qc2
Nd7 22. Nf5 f6 23. e4 Nc5 24. f3 Qd7 25. Rad1 Rac8 26. g4 Qf7 27. Rf2 Nd7 28.
f4 Bc5 29. Rfd2 Qf8 30. g5 Qf7 31. Kh2 Qh5 32. gxf6 Qf3 33. Rg2 Qxf4+ 34. Kh1
g6 35. Qc1 Qxc1 36. Rxc1 Kf7 37. Ne7 Ra8 38. Rf1 Nb6 39. e5 dxe5 40. Bxe5 Bd6
41. Bxd6 cxd6 42. Rc2 Rad8 43. h4 Nxa4 44. Rc7 Nc5 45. Nc8+ Kf8 46. f7 Re5 47.
Nxd6 Rxd5 48. Nxb7 1/2-1/2

[Event "Philadelphia Open 2015"]
[Site "Philadelphia"]
[Date "2015.04.02"]
[Round "3.13"]
[White "Wang, Qibiao"]
[Black "Mulyar, Michael A"]
[Result "0-1"]
[WhiteElo "2206"]
[BlackElo "2412"]
[PlyCount "66"]
[EventDate "2015.04.??"]
[EventType "swiss"]
[EventRounds "9"]
[EventCountry "USA"]

1. d4 d5 2. c4 c6 3. Nf3 Nf6 4. e3 e6 5. b3 c5 6. cxd5 Nxd5 7. Ba3 Qa5+ 8. Qd2
Qxd2+ 9. Nbxd2 cxd4 10. Bxf8 Rxf8 11. Nxd4 Bd7 12. Nc4 Ke7 13. Ne5 f6 14. Nxd7
Nxd7 15. Bc4 N7b6 16. Bd3 g6 17. O-O-O e5 18. Ne2 f5 19. Kb2 Rad8 20. Nc3 Nxc3
21. Kxc3 Rd6 22. Be2 Nd5+ 23. Kb2 Rfd8 24. a3 Nxe3 25. Rxd6 Rxd6 26. Bf3 Rd2+
27. Kc3 Rxf2 28. Bxb7 Nxg2 29. a4 e4 30. a5 e3 31. b4 e2 32. Bxg2 Rxg2 33. Kd2
f4 0-1

[Event "Philadelphia Open 2015"]
[Site "Philadelphia"]
[Date "2015.04.02"]
[Round "3.15"]
[White "Homa, Seth"]
[Black "Gorman, Dov"]
[Result "1/2-1/2"]
[WhiteElo "2367"]
[BlackElo "2226"]
[PlyCount "30"]
[EventDate "2015.04.??"]
[EventType "swiss"]
[EventRounds "9"]
[EventCountry "USA"]

1. d4 d5 2. Nf3 Nf6 3. c4 e6 4. Nc3 c6 5. g3 Be7 6. Bg2 O-O 7. O-O Nbd7 8. Qd3
b6 9. cxd5 exd5 10. Bf4 Bb7 11. Rfd1 Re8 12. Rac1 Bf8 13. Ne5 Nxe5 14. Bxe5 Ng4
15. Bf4 Bd6 1/2-1/2